Visualizzazione normale
Vista MARC
- Bacalov Luis
di Personal Name
Records bibliografici associati: 1
001 - CONTROL NUMBER
- control field: 37140
003 - CONTROL NUMBER IDENTIFIER
- control field: IT-RoPau
005 - DATE AND TIME OF LATEST TRANSACTION
- control field: 20151125160400.0
008 - FIXED-LENGTH DATA ELEMENTS
- fixed length control field: 151125|| aca||aabn | a|a d
040 ## - CATALOGING SOURCE
- Original cataloging agency: IT-RoPau
- Transcribing agency: IT-RoPau
100 ## - HEADING--PERSONAL NAME
- Personal name: Bacalov Luis
- Relator term: (musica)
- Miscellaneous information: Codice Musica SPICS: 21505
670 ## - SOURCE DATA FOUND
- Source citation: Work cat.: (IT-RoPau)104689: Di Carlo Carlo Codice regista SPICS: 7226 37138, UNO DALLE NOVE ALLE CINQUE UNO DALLE NOVE ALLE CINQUE (Rif. Codice opera principale : A1047)